| 000 | 00687nam a22002417a 4500 | ||
|---|---|---|---|
| 003 | UA-OsUOA | ||
| 001 | 21809 | ||
| 007 | ta | ||
| 008 | 20031214b un ||||| |||| 00| 0 ukr d | ||
| 090 |
_a004.738.5(075.8) _bБ95 |
||
| 942 | _cBK | ||
| 040 |
_aUA-OsUOA _brus _cUA-OsUOA _dUA-OsUOA |
||
| 245 |
_aБыстро и легко осваиваем работу в сети Интернет _bУчебное пособие _cРед. Ф.А.Резников |
||
| 300 | _a384 с. | ||
| 955 | _a0 | ||
| 041 | _arus | ||
| 080 | _a004.738.5(075.8) | ||
| 020 | _a5-93673-014-Х | ||
| 260 |
_aМосква _bЛучшие книги _c2002 |
||
| 044 | _aRU | ||
| 650 | 7 | _2UDC | |
| 999 |
_c308016 _d308016 |
||